| 000 | 00374cam a2200145ua 4500 | ||
|---|---|---|---|
| 082 |
_a547 _bKIP/OR |
||
| 100 |
_aKipling, Stanley F. _91686 |
||
| 245 | _aOrganic Chemistry / | ||
| 250 | _a1 / | ||
| 260 |
_aLondon : _bThe English Language Book Society , _c1961. |
||
| 300 | _a1156 ; . | ||
| 650 |
_aOrganic Chemistry _91687 |
||
| 700 | 1 |
_aKipling, Barry F. _91688 |
|
| 942 | _cBK | ||
| 999 |
_c275 _d275 |
||